00626nam a2200169 a 4500008004100000020001500041050001700056100002200073245003200095250001200127260004400139300002100183350000900204995009300213999001700306952013300323120416s0000 ||||||||||||||||| || u a0827310072 aTL 271.5 Dwi aDwiggins, Boyce H10aAutomotive air conditioning a4th ed. aAlbany, [N.Y.]bDelmar Publishersc1978 avi, 408p. : ill. a0.00 D0.00FCBU-MAIN LIBRARY (Kitwe)H1I10.95UAVAILABLEZMain Library Open Access Collection c35350d35350 00102lcc4070a001b001cMain Library Open Access Collectiond2022-11-30l0oTL 271.5 Dwip015803r2022-11-30w2022-11-30y002